The A to Z book of computer games

Bibliographic Details
Main Author: Mclntrie, Thomas C
Format: Book
Published: Blue Ridge Summit : TAB Books , 1979
Subjects:

MARC

LEADER 00000cam a2200000 7i4500
001 0000005995
002 000006475
005 20000330.0
020 |a 0830610626 
090 0 0 |a 794   |b MCL 
100 1 |a Mclntrie, Thomas C 
245 1 4 |a The A to Z book of computer games   |c Thomas Mclntrie 
260 |a Blue Ridge Summit :   |b TAB Books ,   |c 1979 
300 |a 308p. ;   |c 20cm. 
650 0 0 |a Electromic digital 
999 |a 037821   |b BUKU   |c PINJAMAN   |e PERPUSTAKAAN KOMUNITI PETALING JAYA